Rethinking reform in higher education (Record no. 729504)

MARC details
000 -LEADER
fixed length control field 00890nam a2200277Ia 4500
003 - CONTROL NUMBER IDENTIFIER
control field OSt
005 - DATE AND TIME OF LATEST TRANSACTION
control field 20220928105106.0
008 - FIXED-LENGTH DATA ELEMENTS--GENERAL INFORMATION
fixed length control field 220927b |||||||| |||| 00| 0 eng d
037 ## - SOURCE OF ACQUISITION
Terms of availability Textual
040 ## - CATALOGING SOURCE
Original cataloging agency SDCL
Transcribing agency SDCL
Language of cataloging eng
041 ## - LANGUAGE CODE
Source of code eng
Language code of text/sound track or separate title eng
100 ## - MAIN ENTRY--PERSONAL NAME
Personal name Sardar Ziauddin
9 (RLIN) 387479
245 #0 - TITLE STATEMENT
Title Rethinking reform in higher education
Remainder of title From Islamization to integration to knowledge
260 ## - PUBLICATION, DISTRIBUTION, ETC.
Place of publication, distribution, etc. London
Name of publisher, distributor, etc. International Institute of Islamic Thought
Date of publication, distribution, etc. 2018
300 ## - PHYSICAL DESCRIPTION
Extent 32p.
Dimensions cm.
490 ## - SERIES STATEMENT
Series statement IIIT books-In-brief series
650 ## - SUBJECT ADDED ENTRY--TOPICAL TERM
Topical term or geographic name entry element Gift
9 (RLIN) 391569
700 ## - ADDED ENTRY--PERSONAL NAME
Personal name Henzell-Thomas Jeremy
9 (RLIN) 413695
942 ## - ADDED ENTRY ELEMENTS (KOHA)
Classification part Q7, Q8 LR
Koha item type Textual
Source of classification or shelving scheme Colon Classification (CC)
Holdings
Withdrawn status Lost status Damaged status Not for loan Home library Current library Date acquired Source of acquisition Total Checkouts Full call number Barcode Date last seen Price effective from Koha item type
        South Campus Library South Campus Library 2022-09-28 Gift, 08/05/2019,   Q7 Q8 LR SC1439090 2022-09-28 2022-09-28 Textual
Copyright @ Delhi University Library System